Initiation à la critique textuelle neotestamentaire /
محفوظ في:
المؤلف الرئيسي:
التنسيق: كتاب
اللغة: French
منشور في:
Paris :
Blond & Gay,
1934.
سلاسل:
Bibliothèque catholique des sciences religieuses.
الموضوعات:
الوسوم: إضافة وسم
لا توجد وسوم, كن أول من يضع وسما على هذه التسجيلة!
رقم الطلب: BS2385 .V3 1934
| LEADER | 00686nam a2200229I 4500 | ||
|---|---|---|---|
| 001 | 8659 | ||
| 003 | OSt | ||
| 005 | 20251019085504.0 | ||
| 008 | 130303s1934 fr 000 0 fre d | ||
| 010 | |a 34039544 | ||
| 035 | |a ocm00377452 | ||
| 040 | |c ARCE Library | ||
| 050 | 4 | |a BS2385 .V3 1934 | |
| 100 | 1 | |a Vaganay, Léon, |d 1882-1969, |e author |9 41508 | |
| 245 | 1 | 0 | |a Initiation à la critique textuelle neotestamentaire / |c Léon Vaganay. |
| 264 | 1 | |a Paris : |b Blond & Gay, |c 1934. | |
| 300 | |a 188 pages ; |c 19 cm. | ||
| 490 | 0 | |a Bibliothèque catholique des sciences religieuses. | |
| 630 | 0 | 0 | |a Bible. |p New Testament |x Criticism, Textual. |
| 901 | |a reviewed | ||
| 942 | |c BK |2 lcc | ||
| 999 | |c 4140 |d 4140 | ||
